| 000 | 00866cam a2200229 4500 | ||
|---|---|---|---|
| 001 | WB3706-19 | ||
| 008 | 000000n2001 000 0 eng u | ||
| 035 | _a(Sirsi) u110790 | ||
| 245 | _aJLL invests in co-location | ||
| 260 | _c2001 | ||
| 490 |
_aEstates Gazette _v(0105) 3 February 2001, 37(1) |
||
| 520 | _aJones Lang LaSalle is investing £1bn in the European co-location facilities market, and has already secured three locations. The surveying firm has set up Octopus Venture Partners to provide the property, fibre optics, power supply and security for co-location operators in Europe. | ||
| 590 | _aWB | ||
| 650 | _aTELECOMMUNICATIONS | ||
| 650 | _aEUROPE | ||
| 650 | _aSURVEYING FIRMS | ||
| 650 | _aOUTSOURCING | ||
| 650 | _aJONES LANG LASALLE | ||
| 650 | _aCO-LOCATION FACILITIES | ||
| 690 | _aINFORMATION TECHNOLOGY-INTERNET | ||
| 942 | _n0 | ||
| 999 |
_c66044 _d66044 |
||